[Event "Dortmund 46th"]
[Site "Dortmund"]
[Date "2018.07.14"]
[Round "1"]
[White "Nepomniachtchi, Ian"]
[Black "Giri, Anish"]
[Result "1/2-1/2"]
[WhiteElo "2757"]
[BlackElo "2782"]
[Annotator "Szabo,Kr"]
[PlyCount "120"]
[EventDate "2018.07.14"]
[EventType "tourn"]
[EventRounds "7"]
[EventCountry "GER"]
[EventCategory "19"]
[SourceTitle "CBM 186"]
[Source "ChessBase"]
[SourceDate "2018.09.14"]
[SourceVersion "1"]
[SourceVersionDate "2018.09.14"]
[SourceQuality "1"]

1. e4 e5 2. Nf3 Nf6 3. Nxe5 d6 4. Nf3 Nxe4 5. d4 d5 6. Bd3 Bf5 {This move has
become popular in the last 2 years.} (6... Be7 {,}) (6... Bd6) ({and} 6... Nc6
{are still far common lines.}) 7. O-O Be7 8. Re1 O-O 9. Nc3 (9. c4 {is the
most common move, for example:} Nc6 10. cxd5 Qxd5 11. Nc3 Nxc3 12. bxc3 Rae8
13. Bf4 Bxd3 14. Qxd3 Bd6 15. c4 Qh5 16. Bxd6 cxd6 17. Qa3 Qa5 18. Qxd6 Rxe1+
19. Rxe1 Rd8 20. Re3 h6 $1 $11 {Anand-Wei Yi, Wijk aan Zee 2018}) 9... Nxc3 10.
bxc3 Bxd3 11. Qxd3 Nc6 ({1 year earlier Nepomniachtchi had a game for} 11...
Nd7 12. Rb1 (12. c4 $5) 12... Nb6 13. Qf5 Re8 14. Bg5 f6 15. Bf4 Bd6 $11 {
Nepomniachtchi-Jobava, Tbilisi 2017, with a balanced position.}) 12. Re2 {
A useful move, because later White can double on the e-file with his Rs.} (12.
c4 $5 {was the alternative choice.}) 12... a6 13. Bf4 Qd7 14. Rae1 Rfe8 15. h4
$146 {Novelty by Nepomniachtchi. White has gained some space on the kingside,
opens the back rank and controls the g5-square too.} (15. a4 {was played in a
correspondence game,} Rad8 16. h4 h6 17. h5 Bd6 18. Bxd6 Rxe2 19. Qxe2 Qxd6 20.
Nh4 Qf6 (20... Qd7 $5) 21. g3 Kf8 22. Qd3 Re8 23. Rb1 Na5 24. Qh7 $14 {
Ainutdinov-Farias, ICCF email 2014, with some pressure.}) 15... h6 {Black also
plays a useful move, moreover he avoids the Ng5.} 16. Qe3 $5 {Practically this
is a clever move, because White pins the B and sometimes he can sacrifice on
h6 too. However it is not clear how things will evolve after exchanging on e8.}
b5 ({In the event of} 16... Bf6 17. Qxe8+ Rxe8 18. Rxe8+ Kh7 {and White has
two Rs against the Q, but Black is safe, since it is not easy to break his
position.}) 17. h5 Rac8 18. Nh2 {White prepares for Qg3, Ng4 with some
attacking chances on the kingside.} b4 $2 {This is a logical move to create
weakness in the White's queenside, but here it is a mistake.} (18... Rcd8 {
was better, as} 19. Bxh6 gxh6 20. Qxh6 Bf8 21. Qg5+ Kh8 22. Ng4 Rxe2 23. Rxe2
f5 24. Nh6 Qg7 $1 $132 {This is the point of 18...Rcd8, the R is not hanging
on c8 after Qxf5.}) 19. Qg3 $6 {The straightforward continuation, but he
missed the tactical chance.} (19. Bxh6 $1 {was the strongest reply,} gxh6 20.
Qxh6 Bf8 (20... Qd6 $6 {could have been met by the brilliant} 21. Re6 $3 fxe6
22. Rxe6 $18) 21. Qg5+ Kh8 22. Ng4 Rxe2 23. Rxe2 f6 (23... f5 24. Nh6 $1 Qg7
25. Qxf5 $1 $16 {and White has three pawns for the piece and still he can
continue the pressure.}) 24. Nxf6 Qg7 25. Qf5 Ne7 26. Qe5 $36 {and White has a
promising position.}) 19... Bd6 $6 {Another inaccuracy. At first sight this is
a logical move, because Black would like to simplify the position, however it
allows White's following play.} ({The solid} 19... Kh8 {was important,} 20. Ng4
bxc3 $132 {with a complicated middlegame.}) 20. Ng4 (20. Rxe8+ {leads only to
an equal endgame,} Rxe8 21. Rxe8+ Qxe8 22. Bxd6 cxd6 23. Qxd6 Qe1+ 24. Nf1 Qxc3
25. Qxd5 Nxd4 $11) 20... Kh8 21. Rxe8+ ({Probably} 21. Bxd6 $1 {was more
precise,} Rxe2 (21... cxd6 $6 22. Ne3 $1 $16 {and Black's P structure is bad
enough.}) 22. Rxe2 cxd6 (22... Qxd6 23. Qf3 $14) 23. Qf4 Kh7 {Otherwise Nxh6!}
24. Ne3 $14 {with a comfortable position for White.}) 21... Rxe8 22. Rxe8+ Qxe8
23. Bxd6 cxd6 24. Qxd6 Qe1+ 25. Kh2 Qe6 $1 {A very nice cool-blooded reply!
Black doesn't take anything, just comes back with the Q. After the exchange of
Qs, White has enough weaknesses on the queenside, which gives counterplay for
Black.} (25... Qxc3 $2 {does not work as} 26. Qf8+ Kh7 27. Qxf7 Qxd4 28. f3 $18
{and Black is in big trouble.}) 26. Qf8+ (26. Qxe6 fxe6 $132 {and Black is
fine.}) 26... Kh7 27. Ne3 $1 {White finds his best chance.} bxc3 28. Qc5 Qf6
29. Qxc3 (29. Qxd5 {gave more practical chances,} Nxd4 30. Kg1 $1 Ne2+ 31. Kf1
Nf4 32. Qe4+ Kg8 33. g4 {and still Black needs to play accurate moves.}) 29...
Qxf2 30. Qxc6 Qf4+ 31. g3 Qxe3 32. Qxd5 Qf2+ 33. Kh3 Qxc2 {The natural human
reply.} ({The engine suggests} 33... f5 $11 {and always threatening with
perpetual checks.}) 34. Qxf7 Qc8+ 35. Kg2 Qc2+ 36. Qf2 Qe4+ 37. Kg1 a5 38. a4
Kg8 39. Qa2+ Kf8 (39... Kh8 $1 {was more accurate,} 40. Qc4 Qf3 $11 {and White
can't improve his position.}) 40. Qc4 Qg4 41. Qc5+ Kg8 42. Qd5+ Kh7 43. Kf2 Qd1
44. Qe4+ Kg8 45. Qe6+ $6 (45. d5 $1 {was the most precise reaction,} Qxh5 46.
Ke3 $1 $16 {and White has good chances with his d-P.}) 45... Kh7 46. d5 Qxa4 $2
{Loses immediately, but of course, it is not easy in a practical game.} (46...
Qc2+ {could hold the position, for example:} 47. Kf3 Qb3+ 48. Kg4 Qxa4+ 49. Kh3
Qd1 $11 {and draw.}) 47. d6 Qc2+ 48. Kf3 $2 {The last mistake!} (48. Ke3 $1 {
was the winning move,} Qc3+ 49. Ke4 Qc6+ 50. Qd5 Qa4+ 51. Ke5 Qd7 (51... Qe8+
52. Kf4 $18) 52. Qxa5 $18 {and Black is losing.}) 48... Qd3+ $1 $11 {Giri
finds the best way.} 49. Kg2 (49. Kf2 Qd2+ $11) 49... Qc2+ 50. Kh3 Qc6 $1 {
Another great move!} 51. Qf5+ Kg8 52. d7 Qd6 $1 53. Kh2 a4 $1 {Only move, but
this is the most natural reply.} 54. Qg4 {The last trap.} Kf7 $1 {The black K
simply goes to attack the d7-P.} ({The straightforward} 54... a3 $2 {loses
because of} 55. Qc4+ Kh7 56. Qe4+ $18) 55. Qxa4 Ke7 56. Qe4+ Kxd7 57. Qg4+ Ke8
58. Qxg7 Qd2+ 59. Kh3 Qd7+ $1 {Very precise play, the P endgame is drawish.}
60. Qg4 (60. Qxd7+ Kxd7 61. Kg4 Ke6 62. Kf4 Kf6 63. g4 Ke6 $1 $11 {with a
theoretical drawish P endgame.}) 60... Kd8 {and a draw after a big struggle!}
1/2-1/2

[Event "WchT 10th"]
[Site "Tsaghkadzor"]
[Date "2015.04.22"]
[Round "4.3"]
[White "Movsesian, Sergei"]
[Black "Bu, Xiangzhi"]
[Result "0-1"]
[WhiteElo "2665"]
[BlackElo "2681"]
[Annotator "Szabo,Kr"]
[PlyCount "126"]
[EventDate "2015.04.19"]
[EventType "team-tourn"]
[EventRounds "9"]
[EventCountry "ARM"]
[SourceTitle "CBM 166"]
[Source "ChessBase"]
[SourceDate "2015.05.11"]
[SourceVersion "1"]
[SourceVersionDate "2015.05.11"]
[SourceQuality "1"]
[WhiteTeam "Armenia"]
[BlackTeam "China"]
[WhiteTeamCountry "ARM"]
[BlackTeamCountry "CHN"]

1. e4 e5 2. Nf3 Nf6 3. Nxe5 d6 4. Nf3 Nxe4 5. d4 d5 6. Bd3 Be7 7. O-O Nc6 8. c4
Nb4 9. Be2 O-O 10. Nc3 Bf5 11. a3 Nxc3 12. bxc3 Nc6 13. cxd5 Qxd5 14. Re1 Rfe8
15. Bf4 Rac8 16. Qc1 $5 {A tricky move introduced by Anand in 2005.} (16. Bd3)
({and} 16. h3 {are the main moves.}) 16... Bf6 {This was the recommendation as
an improvement from the Anand-Kramnik game. The B belongs here, controlling
the e5-square and putting pressure on the d4-pawn in the event of c4.} (16...
Na5 $2 {seems to be Black's main idea, but here White has} 17. c4 Qe4 $2 {
Kramnik continued playing logically. He still threatens with ...Nb3 and also
wants to play ...Qc2.} (17... Qd8 18. Qc3 $14 {is also better for White.}) 18.
Bd1 $1 {A very strong move! Controlling the c2- and b3-squares.} Qd3 {
Attacking the c4-pawn, but here comes the tactical point of Anand:} 19. Re3 $3
Qxc4 20. Re5 $3 {and Kramnik resigned as he loses a piece, 1-0 Anand-Kramnik,
Sofia 2005.}) 17. Qb2 {This is the point! White lures the c6-knight to a5 in
order to be able to occupy the e5-square.} Na5 (17... b6 $2 {drops the c7-P
after} 18. Ba6 $1 $16) 18. Qb4 $146 {Novelty by Movsesian.} (18. Ne5 $5 {
was played by Robson} Bxe5 (18... c5 $5) 19. Bxe5 Qb3 20. Qd2 Nc4 (20... Qe6 $5
) 21. Qg5 $1 Nxe5 22. Qxf5 Nc4 23. Qc5 $1 Nd6 24. Bg4 $1 $14 {Robson-Volokitin,
Tromso 2013, and White has a comfortable position.}) 18... Be7 19. Qa4 Bd7 20.
Qd1 {Finally White's Q has gone back to the initial square, but Black's Bs are
not so active. These are small nuances.} Bc6 21. Bf1 Qf5 22. Bg3 Bxf3 23. gxf3
({The endgame with} 23. Qxf3 Qxf3 24. gxf3 Bd6 {is equalising for Black
without any problem.}) 23... Qd7 (23... Bd6 {was the alternative,} 24. Qa4 Rxe1
25. Rxe1 {with some pressure on Black's position.}) 24. Re5 {Otherwise ...Bd6.}
c5 ({The solid} 24... b6 $5 {was also possible, followed by ...Bd6.}) 25. dxc5
(25. Rb1 $1 {was more accurate} Nc6 (25... a6 26. c4 $1 $36) 26. Re4 (26. Rh5
$5) 26... cxd4 27. cxd4 Red8 28. d5 Qxd5 29. Qxd5 Rxd5 30. a4 $44 {with
compensation for the P.}) 25... Qxd1 26. Rxd1 Bxc5 27. Rxe8+ Rxe8 {White has
the bishop pair, but his pawn structure is really bad, so the evaluation is
approximately equal.} 28. Bb5 Ra8 $5 {The R looks passive in the corner, but
it will come back soon.} (28... Rc8 {could have been met by} 29. Bd7 {.}) 29.
a4 Bb6 30. Rd7 a6 31. Be2 Rd8 32. Re7 {White is ambitious, but he should
already exchange the Rs and play for a draw.} (32. Rxd8+ $142 Bxd8 33. Bd3 $11
{and it should be a drawish endgame.}) 32... Kf8 33. Re4 Rd7 34. Bf4 f6 35. Kf1
Bc5 36. Ke1 Kf7 37. Bf1 {White regroups his pieces, but he can't activate his
Bs.} g6 (37... Bd6 38. Bh3) 38. Re2 $6 (38. Be3 Rc7 39. Bxc5 Rxc5 40. Kd2 {
and obviously Black is slightly better, but White is solid, he can try to hold
his position.}) 38... Bd6 39. Be3 $6 (39. Bxd6 Rxd6 {is similar to the 38.Be3
line.}) 39... Bxh2 $1 {Bu simply accepts the P, because White can't trap his B.
} 40. f4 Nc4 41. Bc1 (41. Bh3 Rd3) 41... f5 42. Ra2 Rc7 43. Bd3 $2 {The
decisive mistake.} ({White should have played} 43. Ke2 $1 {and now he is
threatening with Kf3-g2.} Nd6 44. Rc2 Ne4 45. c4 {and still this is not easy
to save Black's B.}) 43... Nb6 $1 {The N is ready to go to d5 to save his h2-B,
moreover the c3-P is also hanging.} 44. c4 Nd5 $1 {This is the point!} 45. Ba3
Nxf4 $19 {Black is 2 Ps up, his position is completely winning.} 46. Bf1 Ne6
47. Rd2 Be5 48. Bb4 Bd4 49. Kd1 h5 50. Kc2 h4 51. Bg2 Be5 52. Kb3 Kf6 53. Ba5
Rh7 54. Bb6 h3 55. Bh1 h2 56. a5 Rh3+ 57. Ka2 Rc3 58. Rd1 Rxc4 59. Bxb7 Nc5 60.
Bd8+ Kg7 61. Bc6 Rc2+ 62. Ka3 Rc3+ 63. Ka2 Nd3 0-1

[Event "Tata Steel-A 76th"]
[Site "Wijk aan Zee"]
[Date "2014.01.21"]
[Round "8"]
[White "Dominguez Perez, Leinier"]
[Black "So, Wesley"]
[Result "1-0"]
[WhiteElo "2754"]
[BlackElo "2719"]
[Annotator "Szabo,Kr"]
[PlyCount "41"]
[EventDate "2014.01.11"]
[EventType "tourn"]
[EventRounds "11"]
[EventCountry "NED"]
[EventCategory "20"]
[SourceTitle "CBM 159"]
[Source "ChessBase"]
[SourceDate "2014.03.17"]
[SourceVersion "1"]
[SourceVersionDate "2014.03.17"]
[SourceQuality "1"]

1. e4 e5 2. Nf3 Nf6 3. Nxe5 d6 4. Nf3 Nxe4 5. Nc3 Nxc3 6. dxc3 Be7 7. Be3 {
More popular nowadays than 7.Bf4. White's idea is to castle queenside and in
case of opposite castled kings to attack on the kindgside. However Black has
no weaknesses and he has a rock-solid position.} O-O (7... Nc6) ({and} 7... Bg4
{are the other major alternatives.}) 8. Qd2 b6 {An unexpected decision. Black
usually develops his B on e6, but now he wants to put it on the long diagonal.}
(8... Nd7) ({and} 8... Nc6 {are more popular.}) 9. O-O-O Bb7 10. h4 {The
typical move in this system. White prepares for Bd3 combined with Ng5.} (10.
Nd4 {was also possible.}) 10... Nd7 11. Bd3 Nf6 {The most natural reply. This
is the right place for the N to protect the h7 P.} ({In the event of} 11... Nc5
12. Ng5 h6 13. Bh7+ Kh8 14. Bf5 Bf6 {with an unclear fight.}) 12. Bd4 {A very
logical move. The B is very dangerous on d4, and he prepares for Qf4.} (12. Bg5
$5 {was an interesting alternative,}) 12... c5 {Of course, Black wants to
remove the d4 B from the centre.} 13. Bxf6 Bxf6 14. Qf4 d5 (14... Re8 {could
have been met by} 15. Ng5 (15. Kb1 {was the solid reaction.}) 15... g6 16. Qg3
{and White has several threats on the queenside.}) 15. h5 ({In the event of} 
15. Ng5 g6 16. Qg3 Qb8 17. f4 h6 $132) 15... Re8 16. g4 (16. Qf5 {was an
interesting, provocative move} g6 17. Qf4 {and now suddenly the h-file will be
opened. For example:} Bg7 18. hxg6 hxg6 19. Ng5 Qf6 {and probably Black can
hold, but White still has some practical chances.}) 16... g6 $2 {A decisive
mistake. Black opens the h-file himself, and after this Black's position
collapses.} ({The temping} 16... d4 $1 {gave the only counterplay,} 17. g5 (17.
Rh3 h6 $1 {and Black looks nicely placed.}) 17... Bxf3 18. gxf6 Qxf6 19. Qxf6
gxf6 20. Rdg1+ Kh8 21. Rh3 Be4 $11 {with an equal endgame.}) 17. hxg6 hxg6 18.
g5 $1 Bg7 {It seems Black has avoided the threats, especially because he has a
"Dragon bishop". But...} 19. Rh7 $3 {What a wonderful tactical blow!} d4 (19...
Kxh7 20. Qxf7 $18 {and Black gets mated.}) 20. Bc4 Qe7 $2 {Loses immediately,
but Black's position was already bad.} (20... Bxf3 {was the only chance} 21.
Rxg7+ $1 Kxg7 22. Qxf7+ Kh8 23. Qxg6 $1 Re7 $1 24. Qf6+ Rg7 25. Qxf3 Qxg5+ 26.
Kb1 Rd8 $16 {and Black's position is very dangerous, but he is still not
finished.}) 21. Qh4 $1 {and Black resigned, because he can't avoid White's
mating attack. A great victory by Dominguez!} (21. Qh4 $1 Bxf3 22. Rxg7+ Kxg7
23. Qh6+ Kg8 24. Qxg6+ Kf8 25. Qh6+ Kg8 26. g6 $18) 1-0

[Event "EU-ch 16th"]
[Site "Jerusalem"]
[Date "2015.03.05"]
[Round "9"]
[White "Najer, Evgeniy"]
[Black "Nisipeanu, Liviu Dieter"]
[Result "1-0"]
[WhiteElo "2634"]
[BlackElo "2654"]
[Annotator "Szabo,Kr"]
[PlyCount "63"]
[EventDate "2015.02.24"]
[EventType "swiss"]
[EventRounds "11"]
[EventCountry "ISR"]
[SourceTitle "CBM 166"]
[Source "ChessBase"]
[SourceDate "2015.05.11"]
[SourceVersion "1"]
[SourceVersionDate "2015.05.11"]
[SourceQuality "1"]

1. e4 e5 2. Nf3 Nf6 3. Nxe5 d6 4. Nf3 Nxe4 5. d4 d5 6. Bd3 Bd6 7. O-O O-O 8. c4
c6 9. Re1 Bf5 10. Qb3 Qd7 (10... Na6 {is the other main line.}) 11. Nc3 Nxc3
12. Bxf5 Qxf5 13. bxc3 b6 14. h3 $1 {The most precise move in this position.
White keeps the tension in the centre; he plays a useful move and moreover he
opens his back rank.} (14. cxd5 cxd5 15. Qb5 Qd7 $1 (15... Nd7 $4 16. Qc6 $18)
16. a4 Qxb5 (16... Rd8 17. g3 $1 Bc7 18. Bg5 (18. Ra2 $5) 18... f6 19. Bd2 Nc6
20. c4 $1 Ne7 21. Rac1 {+/=/= Adams-Morozevich, Wijk aan Zee 2005.}) 17. axb5
a6 18. bxa6 Nxa6 $11 {with a nearly equal endgame.}) 14... h6 $6 $146 {Black
also plays a similar move to that of his opponent. On the other hand, this is
too slow and now White can immediately gain the initiative.} (14... dxc4 15.
Qxc4 b5 16. Qb3 Nd7 17. Ba3 Qg6 {(A.Kovacevic-Jakovljevic, Sibenik 2009)} 18.
Nh4 $1 Qf6 19. Bxd6 Qxd6 20. Nf5 Qf6 21. Ne7+ Kh8 22. Re3 $36 {with some
initiative.}) ({The natural} 14... Nd7 $5 {was the most accurate reaction.})
15. cxd5 cxd5 16. Ne5 $1 {The best reply, now Black can't protect his d5-P.}
Bxe5 ({Probably} 16... Nd7 $5 {was the better practical chance, but} 17. g4 $1
(17. Qxd5 $6 Bxe5 18. dxe5 Nc5 $132) 17... Qe6 18. Nf3 Qf6 19. Qxd5 {and White
is a healthy P up.}) 17. Rxe5 Qd3 18. Rxd5 Nc6 19. c4 Qe2 20. Qc3 Rac8 21. Bb2
Rfe8 22. c5 $6 {A small inaccuracy, which gives some counterplay for Black.} (
22. Rd7 $16 {was more logical and White is better.}) 22... Rb8 $1 {Nisipeanu
immediately finds his chance.} 23. Ba3 $6 (23. cxb6 {was more accurate} Rxb6
24. Ba3 $14) 23... b5 $1 {The right move, suddenly Black has nice counterplay
on the queenside.} 24. Rd7 Rbd8 $2 {Black gives up his queenside play.} (24...
b4 $1 {was correct} 25. Qb3 Rf8 26. Qd5 (26. Bb2 $2 Na5 $1 $17 {and already
Black is better.}) (26. Bc1 Nxd4 $1) 26... Rbc8 27. Bc1 Qe1+ 28. Kh2 Qxf2 $132
{with a double-edged fight.}) 25. Rd6 $1 {A very good move by Najer. Now Black
is in trouble again.} Rc8 26. d5 Ne5 27. c6 Nc4 $6 (27... Nd3 28. Bc5 $16) 28.
Rd7 $18 {Suddenly White's Ps are really strong, his position is winning.
Nevertheless Black still has some practical chances.} Nd2 {A tricky move.} 29.
h4 (29. Bb2 $2 {could have been met by} Qe1+ $1 30. Rxe1 Rxe1+ 31. Kh2 Nf1+ 32.
Kg1 Nd2+ $11 {and Black survives with this perpetual check.}) 29... Re4 30. c7
$2 {A big mistake, which allows unpleasant counterplay for Black!} (30. Re7 $1
{was the strongest reply to exchange Black's active R and his c6, d5 Ps decide
the game.} Rxe7 31. Bxe7 $18) 30... Kh7 $2 {Black returns the compliment and
he loses immediately.} (30... Rg4 $1 {would have been able to save the game}
31. Rd8+ Kh7 $1 32. Qxd2 (32. Rxc8 Nf3+ 33. Qxf3 Qxf3 34. Rh8+ Kg6 $1 35. g3
Rxg3+ 36. fxg3 Qxg3+ $11 {with perpetual checks.}) 32... Qxd2 33. Rxc8 Rc4 34.
d6 b4 $132 {and Black is not losing.}) 31. Rxf7 Rg4 32. Bb2 1-0

[Event "Canadian op"]
[Site "Edmonton"]
[Date "2000.07.16"]
[Round "10"]
[White "Wells, Peter K"]
[Black "Rowson, Jonathan"]
[Result "0-1"]
[WhiteElo "2506"]
[BlackElo "2494"]
[Annotator "Tyomkin,D"]
[PlyCount "72"]
[EventDate "2000.07.08"]
[EventType "swiss"]
[EventRounds "10"]
[EventCountry "CAN"]
[SourceTitle "CBM 078"]
[Source "ChessBase"]
[SourceDate "2000.10.18"]
[SourceVersion "1"]
[SourceVersionDate "2000.10.18"]
[SourceQuality "1"]

{[%mdl 2] The game between two grandmasters in the last round mostly ends to a
draw. But not this time. Wells was sharing the first place before the last
round with Spraggett and Benjamin, and could try to get a clear first, after
the quick draw between two others.On the other hand, Rowson, had half a point
less, and actually had nothing to lose in this game!} 1. d4 d6 2. Nf3 Bg4 3. e4
Nf6 4. Bd3 e6 5. h3 Bh5 6. O-O d5 (6... Be7 7. Re1 d5 8. exd5 Nxd5 9. Nbd2 O-O
$11 {0-1 Boensch,U-Hickl,J/Lippstadt 1994/CBM 43 (50)}) 7. Nbd2 Be7 8. c3 O-O
9. exd5 $146 (9. Re1 c5 10. exd5 Nxd5 (10... exd5 {and like in the main game.})
11. Nb3 cxd4 12. Nbxd4 Nd7 13. Qc2 $14 {1/2-1/2 Donchev,D-Chytilek,R/Ceske
Budejovice 1994/EXT 97 (83)}) 9... exd5 (9... Nxd5) 10. Re1 {White intends to
move the knight-d2 to g3 via f1,getting rid of unpleasant pin of the other
knight. White position looks very safe and stable.} c5 $1 {Only chance to get
a counterplay.} 11. dxc5 (11. Nf1 $6 cxd4 12. cxd4 Nc6 13. Be3 Qb6 $36) 11...
Bxc5 12. Nb3 Bb6 {Black has got a good isolated pawn on d5. Black pieces can
be entered to the game very comfortable.} 13. Bg5 ({White could try to trade
black square bishops, but it wasn't so successfull:} 13. Be3 Nc6 14. Bxb6 Qxb6
15. g4 (15. Be2 Rfe8 $15) 15... Bg6 16. Bxg6 hxg6 17. Nfd4 a5 $132 {[%csl Rb2,
Rf2,Rg4][%cal Ga5a4] and white has a number of pawn weaknesses all over.})
13... h6 14. Bh4 (14. Bxf6 Qxf6 15. g4 Bg6 16. Bxg6 Qxg6 17. Qxd5 Nc6 $44 {
[%csl Rf2,Rg4,Rh3] White's position is vulnerable.}) 14... Nc6 15. Bf5 (15. g4
Bg6 {[%cal Gd8d6,Yf6e4] intending Qd8-d6, and then entering the knight to e4.})
15... g5 16. Bg3 Ne4 $1 {[%mdl 512] The great positional sacrifice. Suddenly
white gets worse position.} 17. Bxe4 dxe4 18. Rxe4 f5 19. Re6 Qxd1+ 20. Rxd1 f4
21. Bh2 {[%csl Rh2] The point of the sacrifice is that bishop on h2 completely
blocked by black pawns, and can not be entered to the game in the close future.
} Rad8 $1 {Black doesn't spend a time on protection of h-pawn, and he inserts
pieces to the game as fast as it possible. The first rank is another weakness
of white's position, and it was probably better for white to avoid exchange of
pair of rooks.} 22. Rxd8 (22. Rde1 Bxf3 23. gxf3 Kg7 24. h4 $15) 22... Rxd8 23.
Nfd2 (23. Nbd2 Bf7 24. Re1 (24. Rxh6 Kg7 $17) 24... Bxa2 25. b3 Na5 $17) 23...
Bf7 24. Re2 Bc4 $1 25. Re1 Ne5 $1 {White even doesn' have a time to think
about g2-g3 break- every move of black creates an immediate threat.} 26. Nxc4 (
26. Rxe5 Bxb3 $17) 26... Nxc4 27. Kf1 (27. g3 Nd2 $1 $17 {[%cal Gd2f3,Gd2b3,
Yd8d2]}) 27... Nxb2 28. g3 f3 $1 {[%csl Rf2] No one chance for that bishop!}
29. g4 Bxf2 $1 30. Kxf2 (30. Re7 Bh4 31. Nd4 Rxd4 $1 32. cxd4 Nc4 $19) 30...
Nd3+ 31. Kf1 Nxe1 32. Kxe1 Re8+ 33. Kf1 Re2 34. Bg3 {Finally white can move
out the bishop but it is too late.} (34. Bd6 Rxa2 35. Nd4 a5 36. Nxf3 a4 37.
Nd4 a3 38. Nb5 Ra1+ {[%cal Ga3a2] and a3-a2.}) 34... Rxa2 35. Nd4 a5 $1 36.
Nxf3 a4 {[%cal Ga4a3] The only way to stop a-pawn is to give a bishop for it,
but that ending will be totaly hopeless for white.} 0-1